[Event "8th Holuj-Radzikowska Rapid 2018"]
[Site "Wroclaw"]
[Date "2018.12.10"]
[Round "6"]
[White "Skripchenko, Almira"]
[Black "Socko, Monika"]
[Result "1/2-1/2"]
[WhiteElo "2408"]
[BlackElo "2458"]
[Annotator "TA"]
[PlyCount "41"]
[EventDate "2018.11.26"]
[EventType "schev"]
[EventCountry "POL"]
[SourceTitle "playchess.com"]
[Source "ChessBase"]
[SourceQuality "1"]
[WhiteTeam "World"]
[BlackTeam "Poland"]
[BlackTeamCountry "POL"]

{[%evp 19,41,40,49,17,17,17,22,13,17,17,18,11,11,0,0,0,0,7,15,16,36,28,35,35]} 1. e4 c6 2. Nc3 d5 3. Nf3 Bg4 4. h3 Bxf3 5. Qxf3 e6 6. Be2 Nd7 {B11: Caro-Kann: Two Knights Variation} 7. d4 dxe4 8. Nxe4 Ngf6 9. c3 Nxe4 10. Qxe4 Nf6 {LiveBook: 3 Games} 11. Qc2 (11. Qf3 {feels hotter.} Bd6 12. O-O O-O 13. Bc4 Re8 14. Re1) 11... Bd6 12. O-O O-O 13. Bg5 $146 ({Predecessor:} 13. Bf3 Qa5 14. b4 {½-½ (80) Kogan,A (2587)-Alonso Rosell,A (2502) La Massana 2012}) 13... h6 14. Bh4 Be7 15. Bg3 Bd6 16. Be5 Bxe5 17. dxe5 Nd5 18. Qe4 Qg5 19. g3 Ne7 20. h4 Qf5 21. Qxf5 1/2-1/2

[Event "8th Holuj-Radzikowska Rapid 2018"]
[Site "Wroclaw"]
[Date "2018.12.10"]
[Round "6"]
[White "Kulon, Klaudia"]
[Black "Harika, Dronavalli"]
[Result "0-1"]
[WhiteElo "2333"]
[BlackElo "2494"]
[Annotator "TA"]
[PlyCount "114"]
[EventDate "2018.11.26"]
[EventType "schev"]
[EventCountry "POL"]
[SourceTitle "playchess.com"]
[Source "ChessBase"]
[SourceQuality "1"]
[WhiteTeam "Poland"]
[BlackTeam "World"]
[WhiteTeamCountry "POL"]

{[%evp 10,114,4,6,40,0,0,-11,0,-9,14,7,13,14,13,5,13,7,53,47,46,38,40,39,49,53,54,61,68,72,88,98,127,43,67,75,77,15,9,9,10,8,10,0,5,0,13,0,9,30,11,17,30,0,0,0,0,1,2,2,62,-8,-8,-8,-8,-39,-44,-57,-41,-132,-132,-132,-132,-122,-102,-132,-132,-122,-122,-120,-107,-120,-113,-213,-202,-260,-222,-428,-431,-1110,-945,-2239,-2031,-8905,-12389,-599,-584,-4586,-4482,-29968,-29969,-29968,-29969,-29984,-29985,-29987,-29988]} 1. c4 e6 2. g3 d5 3. Bg2 Nf6 4. Nf3 d4 5. b4 c5 6. bxc5 {LiveBook: 4 Games. A13: English Opening: 1...e6} (6. O-O cxb4 7. a3 Nc6 8. d3 a5 9. axb4 Bxb4 10. Ba3 Bd7 11. Bxb4 axb4 12. Nbd2 O-O 13. Ne1 {½-½ (22) Howell,D (2640)-Fridman,D (2626) Germany 2017}) 6... Nc6 7. O-O ({White should play} 7. Ba3 $14) 7... Bxc5 $11 8. d3 {The position is equal.} O-O 9. Ba3 Qa5 10. Bxc5 Qxc5 11. Nbd2 e5 $146 ({Predecessor:} 11... Qh5 12. Rb1 Rb8 13. Rb5 {1-0 (35) Kivipelto,K (2219)-Weber,B (2143) Velden 2009}) 12. Rb1 Rb8 13. Ng5 $36 {[%mdl 2048] White is more active.} h6 14. Nge4 Nxe4 15. Nxe4 Qe7 16. c5 Be6 17. Qa4 Bd5 $1 18. Nf6+ Qxf6 19. Bxd5 Rfc8 20. Rfc1 Qe7 21. Rb2 (21. Bxc6 $1 $16 Rxc6 22. Qxa7) 21... Qd7 22. Bf3 Qc7 23. Bxc6 (23. Rcb1 $16) 23... bxc6 24. Rcb1 Rxb2 25. Rxb2 {[%mdl 4096] Endgame KQR-KQR} Qe7 26. Qa5 Kh7 27. a4 f5 28. Qb4 Rc7 29. a5 Rd7 30. a6 {aiming for Qb7!} e4 $1 31. Qc4 Rd5 32. Rb7 Qxc5 33. Qxc5 Rxc5 34. Rxa7 {White wants to play Rc7. KR-KR} Ra5 (34... Rc1+ $11 35. Kg2 Rc2) 35. g4 (35. Ra8 $14) 35... exd3 36. exd3 fxg4 37. Kg2 Ra3 38. Rd7 Rxd3 {...Ra3 is the strong threat.} 39. a7 ({White should try} 39. Rc7 $1 $15) 39... Ra3 $17 40. Rxd4 Rxa7 41. Rxg4 c5 42. Rc4 Rc7 43. Kf3 Kg6 44. Ke4 Rc8 45. Ke5 Re8+ 46. Kd5 {[#]} (46. Kf4 $17 {might work better.}) 46... Kf5 $1 $19 47. Kd6 Re5 48. f3 $2 (48. Rc2 {keeps fighting.}) 48... g5 49. h4 (49. Kd7 $142 Re2 50. h4) 49... Re3 50. hxg5 hxg5 51. Rxc5+ Kf4 52. Ra5 Rxf3 53. Ke6 g4 {[%cal Bg5g4,Bg4g3,Bg3g2][%mdl 32]} 54. Kf6 g3 {Black mates.} 55. Ra4+ Ke3+ 56. Kg5 g2 57. Rg4 Kf2 {Precision: White = 34%, Black = 57%.} 0-1

[Event "8th Holuj-Radzikowska Rapid 2018"]
[Site "Wroclaw"]
[Date "2018.12.10"]
[Round "6"]
[White "Warakomska, Anna"]
[Black "Paehtz, Elisabeth"]
[Result "1/2-1/2"]
[WhiteElo "2233"]
[BlackElo "2487"]
[Annotator "TA"]
[PlyCount "68"]
[EventDate "2018.11.26"]
[EventType "schev"]
[EventCountry "POL"]
[SourceTitle "playchess.com"]
[Source "ChessBase"]
[SourceQuality "1"]
[WhiteTeam "Poland"]
[BlackTeam "World"]
[WhiteTeamCountry "POL"]

{[%evp 13,68,29,34,20,14,8,6,1,14,6,28,16,35,0,35,-5,47,35,43,41,55,57,57,49,70,-20,-32,-64,-59,-66,-74,-72,-53,-72,-74,-77,-79,-75,-66,-69,-35,-41,0,0,60,61,45,0,0,0,127,135,125,0,11,0,103]} 1. e4 c5 2. Nf3 d6 3. d4 cxd4 4. Qxd4 a6 5. Be2 Nc6 6. Qe3 {B53: Sicilian: 2...d6: Lines with Qxd4} Nf6 7. c4 Bg4 {LiveBook: 3 Games} 8. Nc3 {White is slightly better.} g6 9. h3 Bxf3 10. Bxf3 Bg7 11. O-O O-O $146 ({Predecessor:} 11... Nd7 12. Rd1 O-O 13. Be2 Qa5 14. Nd5 {½-½ (39) Carlsen,M (2837)-Gelfand,B (2738) Astana 2012}) 12. Rb1 Qa5 13. a3 Qe5 14. Nd5 Rac8 (14... Nxd5 $11 15. cxd5 Nd4) 15. Nb6 $14 Rcd8 16. b4 Qd4 17. Rd1 Qxe3 18. Bxe3 Ne5 19. Be2 (19. c5 $14) 19... Nxe4 $11 {Threatens to win with ...Nc3.} 20. Bd4 Nc6 21. Bxg7 Kxg7 22. Rbc1 Ne5 23. f4 Ng3 24. Kf2 Nxe2 25. Kxe2 Nc6 26. b5 Na5 27. Rc3 axb5 28. cxb5 e6 ({Black should try} 28... e5 $11) 29. Rc7 $14 {[%mdl 1024] White has compensation.} d5 30. Rd4 Rfe8 $1 31. Ra4 Rd6 (31... Nb3 $11) 32. Nc8 $16 Rdd8 {[#] Strongly threatening ...Nc4.} 33. Nb6 (33. Rxa5 $16 Rxc8 34. Rxb7) 33... Rd6 34. Nc8 ({Better is} 34. Rxa5 $11 Rxb6 35. Kd3) 34... Rdd8 {Accuracy: White = 56%, Black = 50%.} 1/2-1/2

[Event "8th Holuj-Radzikowska Rapid 2018"]
[Site "Wroclaw"]
[Date "2018.12.11"]
[Round "7"]
[White "Paehtz, Elisabeth"]
[Black "Kulon, Klaudia"]
[Result "1-0"]
[WhiteElo "2487"]
[BlackElo "2333"]
[Annotator "TA"]
[PlyCount "131"]
[EventDate "2018.11.26"]
[EventType "schev"]
[EventCountry "POL"]
[SourceTitle "playchess.com"]
[Source "ChessBase"]
[SourceQuality "1"]
[WhiteTeam "World"]
[BlackTeam "Poland"]
[BlackTeamCountry "POL"]

{[%evp 22,131,62,62,79,75,75,72,72,71,93,104,120,118,124,91,61,68,142,145,210,201,206,198,200,204,281,287,301,310,468,462,564,562,646,547,528,510,497,462,456,462,568,381,506,539,483,325,314,286,292,283,323,300,328,323,342,350,378,385,408,390,418,417,437,443,466,488,470,487,470,464,456,448,472,471,484,483,506,504,550,540,518,500,1390,1314,1506,1512,1708,1568,4875,1586,1590,1589,1525,1464,1521,1112,6559,6528,6508,6381,29972,29973,29981,29973,29969,6307,6278,7269,5285,2938]} 1. d4 Nf6 2. Nf3 g6 3. g3 Bg7 4. c4 O-O 5. Bg2 d6 6. O-O Nc6 7. Nc3 Bf5 8. Nh4 Bd7 9. f4 {E62: King's Indian: Fianchetto: 6...c6 and Panno Variation (6...Nc6) without ...a6} e5 (9... Na5 10. b3 c5 11. dxc5 dxc5 12. Bd2 Bc6 13. Nd5 Nxd5 14. cxd5 Bb5 15. Rc1 Rc8 16. Bc3 Qb6 17. Bxg7 Kxg7 {1-0 (52) Gajewski,G (2628)-Fedorov,A (2598) Khanty-Mansiysk 2017}) 10. fxe5 dxe5 11. d5 Nd4 12. e3 {LiveBook: 3 Games} Nf5 13. Nxf5 Bxf5 14. e4 Bg4 $146 ({Predecessor:} 14... Bd7 15. Bg5 h6 16. Be3 b6 {1-0 (45) Dolezal,R (2374)-Sergienko,V (2191) Olomouc 2012}) 15. Qd3 Qd7 16. c5 a5 17. Bg5 Ne8 18. Qc4 h6 19. Be3 Kh8 (19... b6 $14) 20. Rf2 $16 f5 (20... Qd8 $16 21. Raf1 Kg8) 21. Raf1 $18 Nf6 22. c6 bxc6 23. dxc6 Qc8 {[#]} 24. Bc5 $1 Re8 25. h3 Bh5 (25... Qa6 $142 26. Qxa6 Rxa6 27. hxg4 Rxc6) 26. exf5 gxf5 27. Rxf5 Re6 28. Qh4 Qd8 {[#]} 29. Rxf6 $1 {[%mdl 512]} Rxf6 (29... Qxf6 30. Rxf6) 30. Qxh5 Rxf1+ 31. Bxf1 Qd2 32. Qe2 Rd8 33. Qxd2 Rxd2 34. Nb5 Rc2 35. Be3 ({Weaker is} 35. Nxc7 Rxc5 36. Bg2 Rc1+ 37. Kf2 Rc2+ 38. Kf1 Rc1+ 39. Kf2 Rc2+ 40. Kf1 Rc1+ 41. Kf2 $11) 35... Rxc6 36. Nc3 e4 37. Bb5 ({Don't take} 37. Nxe4 $6 Rc2 $18) 37... Rg6 38. Kf2 Rf6+ 39. Ke2 Rg6 40. g4 Re6 41. Bd7 Ra6 42. Bf5 Ra8 43. Na4 Re8 44. b3 Kg8 45. Bd2 Re5 46. Bc3 Rb5 47. Be6+ Kf8 48. Bc4 Rg5 49. Bd2 Re5 50. Bf4 Re7 51. Nc5 Ke8 52. Ne6 Kd7 (52... Kf7 $142 53. Nxc7+ Kg6) 53. Nxg7 Rxg7 54. Bxh6 Rh7 55. g5 Kd6 56. Bg8 (56. Bf8+ $142 Kd7 57. g6 Rxh3 58. g7) 56... Rh8 57. Bf7 Ke7 58. Bg6 a4 59. Bxe4 a3 60. Kd3 Ke6 61. Kc3 c5 62. Bd3 Kd5 63. Bc4+ Ke4 64. h4 Kf5 65. Bd3+ Kg4 66. g6 {Accuracy: White = 88%, Black = 24%.} 1-0

[Event "8th Holuj-Radzikowska Rapid 2018"]
[Site "Wroclaw"]
[Date "2018.12.11"]
[Round "7"]
[White "Socko, Monika"]
[Black "Abdumalik, Zhansaya"]
[Result "0-1"]
[WhiteElo "2458"]
[BlackElo "2470"]
[Annotator "TA"]
[PlyCount "54"]
[EventDate "2018.11.26"]
[EventType "schev"]
[EventCountry "POL"]
[SourceTitle "playchess.com"]
[Source "ChessBase"]
[SourceQuality "1"]
[WhiteTeam "Poland"]
[BlackTeam "World"]
[WhiteTeamCountry "POL"]

{[%evp 13,54,22,25,-99,-92,-78,-37,-75,-57,-61,0,0,15,8,18,-91,-96,-120,-77,-104,-124,-52,-29,-101,-96,-83,-95,-87,-95,-141,-141,-164,-143,-142,-64,-70,-90,-524,-522,-585,-583,-1553,-1553]} 1. e4 e5 2. Nf3 Nc6 3. Bb5 a6 4. Bxc6 dxc6 5. O-O f6 6. d4 exd4 7. Nxd4 Bd6 {LiveBook: 32 Games} 8. Nf5 {C69: Ruy Lopez: Exchange Variation with 5 0-0 f6} (8. Na3 $11) (8. Qh5+ g6 9. Qf3 h5 10. Qc3 h4 11. Nxc6 bxc6 12. Qxc6+ Bd7 13. Qc3 Qe7 14. Nd2 Qe5 15. Qxe5+ Bxe5 16. Nc4 {0-1 (27) Can,I (2396)-Frolov,A (2406) Lvov 2018}) 8... Bxf5 $1 $17 9. exf5 Qd7 10. Re1+ {Black is slightly better.} Ne7 11. Qh5+ g6 (11... Kf8 $15) 12. fxg6 $11 {White threatens g7+ and mate.} O-O-O 13. g7 ({Weaker is} 13. gxh7 Nf5 $17) 13... Rhg8 $1 14. Bh6 {[#]} ({Don't play} 14. Qxh7 Nf5 $17) (14. Nd2 $11 {remains equal.}) 14... Qf5 $1 $17 {[%cal Rf5h5]} ({Much worse is} 14... Nf5 $6 15. Nc3 $11) 15. Qf7 Bc5 16. Be3 $146 Bxe3 17. fxe3 Ng6 {aiming for ...Ne5.} 18. Nc3 (18. Rf1 $11 {keeps the balance.} Ne5 19. Rxf5 Rd1+ 20. Rf1 Rxf1+ 21. Kxf1 Nxf7 22. g3) 18... Ne5 $40 {[%mdl 128] White is in trouble.} 19. e4 {[#] And now Qxg8 would win.} Qg5 $1 20. Qe6+ Kb8 21. Qh3 Rxg7 22. Rad1 Rdg8 {[%cal Rg5g2]} 23. Re2 Ng4 (23... Ng6 $17 {Hoping for ...Nf4.} 24. Qe3 Nf4) 24. Rf1 $1 $15 Rg6 25. Qf3 $2 {[%mdl 8192]} (25. Qg3 $17) 25... Qc5+ $19 {Black is clearly winning.} 26. Kh1 {[#]} Nxh2 $1 {[%mdl 512]} 27. Qf5 {[#]} (27. Kxh2 Rh6+) 27... Rh6 $1 {[%mdl 512] Precision: White = 17%, Black = 69%.} 0-1

[Event "8th Holuj-Radzikowska Rapid 2018"]
[Site "Wroclaw"]
[Date "2018.12.11"]
[Round "7"]
[White "Zawadzka, Jolanta"]
[Black "Harika, Dronavalli"]
[Result "1/2-1/2"]
[WhiteElo "2423"]
[BlackElo "2494"]
[Annotator "TA"]
[PlyCount "123"]
[EventDate "2018.11.26"]
[EventType "schev"]
[EventCountry "POL"]
[SourceTitle "playchess.com"]
[Source "ChessBase"]
[SourceQuality "1"]
[WhiteTeam "Poland"]
[BlackTeam "World"]
[WhiteTeamCountry "POL"]

{[%evp 17,123,26,41,-12,22,-2,31,-10,-2,-47,-45,-40,-42,-26,-19,-21,-15,-8,-7,-6,13,-24,-16,-27,-29,-54,77,69,247,243,270,256,248,260,259,224,295,295,295,295,295,288,383,383,377,371,329,280,350,332,384,308,478,467,495,453,464,456,514,510,482,384,358,264,276,266,293,294,270,202,292,262,270,270,246,202,202,115,125,0,202,202,202,202,254,202,202,195,195,195,195,194,195,195,195,195,195,0,65,67,72,69,75,0,31,21,35,0]} 1. e4 d6 2. d4 Nf6 3. Nc3 g6 4. Nf3 Bg7 5. Be3 c6 6. Qd2 O-O 7. Bh6 b5 8. Bd3 Bg4 9. Bxg7 Kxg7 {LiveBook: 29 Games} 10. Qe3 {B08: Pirc Defence: Classical System} (10. h4 $14) 10... Nbd7 (10... Bxf3 11. Qxf3 e5 12. dxe5 dxe5 13. O-O Nbd7 14. Rfd1 Qe7 15. a4 a6 16. axb5 axb5 17. Rxa8 Rxa8 {0-1 (51) Mischuk,D (2349)-Kuzubov,Y (2638) Lvov 2016}) 11. e5 $146 ({Predecessor:} 11. h3 Bxf3 12. Qxf3 Qb6 13. e5 dxe5 14. dxe5 Nxe5 15. Qe2 Nxd3+ 16. Qxd3 Rad8 17. Qf3 e5 {0-1 (48) Feng,J (915)-Csoma,B (1120) LSS email 2011}) 11... Ne8 12. O-O Bxf3 13. Qxf3 dxe5 14. Qxc6 b4 {Hoping for ...Rc8.} 15. Ne2 exd4 16. Nxd4 Ne5 17. Qe4 $36 {[%mdl 2048] White has some pressure.} Nxd3 18. Qxd3 Rc8 19. Rad1 Qc7 20. Qe3 Nf6 21. h3 e5 {[#]} (21... Qb6 $15 {keeps the upper hand.}) 22. Nf5+ $1 $16 {[%mdl 512]} Kh8 $2 (22... Kg8 $14) (22... gxf5 23. Qg5+) 23. Nd6 $18 Kg7 24. Nxc8 Rxc8 25. Rfe1 e4 26. Rd2 Qc5 27. Qxc5 Rxc5 {[%mdl 4096] Endgame KRR-KRN} 28. Re3 a5 29. c3 Nd5 30. Rxe4 bxc3 31. bxc3 Nxc3 32. Re7 Rf5 33. f3 h5 34. Ra7 h4 (34... Re5 $142 35. Kf2 Rf5) 35. Rc2 Nd1 36. Rc4 g5 37. Rd7 Ne3 38. Rc3 Re5 39. Kf2 Nf5 40. Rc2 Ng3 41. Rd1 Kg6 42. Re1 Rb5 43. Ke3 Rb4 (43... Nh5 {keeps fighting.} 44. Rd1 Nf4 45. Rc6+ f6) 44. Kd3 f6 45. Re6 Nh5 {And now ...Nf4+ would win.} 46. Ra6 Nf4+ 47. Kc3 ({Only move:} 47. Ke3 $18) 47... Nd5+ $16 {[#]} 48. Kd3 (48. Kd2 $1 $16) 48... Nf4+ $18 49. Ke3 Ra4 {White must now prevent ...Nd5+.} 50. Rd6 Ra3+ 51. Kf2 Nd3+ 52. Kf1 {Threatens to win with Rcc6.} Nf4 {[#]} 53. Rcd2 $1 Rc3 54. Kf2 Ra3 55. Rd7 Rc3 56. Ra7 Ra3 57. g3 $2 (57. Ra6 $18) 57... hxg3+ (57... Nd3+ $11 58. Kg2 Ne1+ 59. Kf1 Nxf3) 58. Kxg3 $14 Nh5+ 59. Kf2 Nf4 60. Kg3 Nh5+ $1 61. Kg2 Nf4+ 62. Kg3 {Precision: White = 61%, Black = 46%.} 1/2-1/2

[Event "8th Holuj-Radzikowska Rapid 2018"]
[Site "Wroclaw"]
[Date "2018.12.11"]
[Round "7"]
[White "Skripchenko, Almira"]
[Black "Warakomska, Anna"]
[Result "1-0"]
[WhiteElo "2408"]
[BlackElo "2233"]
[Annotator "TA"]
[PlyCount "129"]
[EventDate "2018.11.26"]
[EventType "schev"]
[EventCountry "POL"]
[SourceTitle "playchess.com"]
[Source "ChessBase"]
[SourceQuality "1"]
[WhiteTeam "World"]
[BlackTeam "Poland"]
[BlackTeamCountry "POL"]

{[%evp 18,129,33,23,59,57,50,49,47,24,30,0,29,31,31,32,29,33,58,33,99,93,150,145,141,97,180,183,193,186,186,172,172,179,185,185,177,188,200,127,118,124,260,262,319,266,263,245,254,219,206,216,239,131,130,116,389,372,432,423,401,182,182,178,179,69,319,311,414,282,287,283,326,325,364,270,231,89,221,221,376,387,404,384,327,322,1313,307,1087,765,831,806,643,259,1304,1179,5933,5937,4133,3426,1773,1524,1952,1633,1408,1444,1220,850,2618,2358,29980,29981,29976,1713]} 1. Nf3 d5 2. g3 Nf6 3. Bg2 Bf5 4. O-O h6 5. c4 c6 6. cxd5 {A07: Réti Opening: New York and Capablanca Systems} cxd5 7. Qb3 Qb6 8. Qxb6 axb6 9. d3 e6 10. Nd4 {LiveBook: 5 Games} Bh7 11. Nb5 {And now Nc7+ would win.} Kd7 12. N1c3 Nc6 13. Be3 $146 ({Predecessor:} 13. e4 dxe4 14. dxe4 Bc5 15. a3 Ke7 {1-0 (74) Petrosian,T (2636)-Grigoryan,A (2608) Martuni 2011}) 13... Bc5 14. d4 Be7 15. Bf4 Rhc8 16. f3 {[%cal Bf2f3,Bf3e4][%mdl 32]} Na7 17. Nxa7 Rxa7 18. a3 Ne8 (18... Raa8 $14) 19. e4 $16 dxe4 (19... Ra6 $142) 20. fxe4 Bg6 21. Rfd1 Nd6 (21... Bh5 $16) 22. d5 $18 Nc4 23. dxe6+ Ke8 24. exf7+ Bxf7 25. Bh3 Rd8 26. Rxd8+ Bxd8 27. Nb5 $1 {[%cal Rb5a7]} Ra5 28. Nd6+ Nxd6 29. Bxd6 Rb5 (29... Be7 $16) 30. b4 Rh5 31. Bg4 Rg5 32. Bc8 b5 33. Kg2 Rg6 34. Rd1 Bb3 35. Rd2 (35. Rd4 $1 $18) 35... Bg5 $16 36. Rd4 Bc4 $2 {[%mdl 8192]} (36... Be3 $16 37. Rd3 {[%mdl 64] Double Attack} Bc4 38. Rxe3 Rxd6) 37. e5 $18 b6 38. Bf5 {[%mdl 64] Trapped Piece} Re6 39. Rxc4 (39. Bxe6 $142 Bxe6 40. Bc7) 39... Rxd6 {[%mdl 4096] Endgame [#] KRB-KRB} 40. Rc8+ $1 ({Don't do} 40. exd6 $6 bxc4 41. Kf3 g6 $14) 40... Rd8 {[#]} 41. Rc7 ({Better is} 41. Rc6 $1 $18) 41... Kf8 $2 (41... Rd5 $1 $14) 42. h4 Be7 43. Kf3 Ra8 44. Rc3 Ke8 45. Ke4 Rd8 46. Be6 Rd1 47. h5 (47. Kf5 $18 {and White stays clearly on top.}) 47... Bg5 (47... Re1+ $16 48. Kf4 Bg5+ 49. Kf5 Rxe5+ {[%mdl 64] Remove Defender} 50. Kxe5 Bf6+ 51. Kd6 Bxc3) 48. Kf5 Re1 $2 (48... Rf1+ {was worth a try.} 49. Kg6 Re1) 49. Rc8+ Ke7 50. Rc7+ Kd8 51. Rxg7 Re3 $2 (51... Rf1+ 52. Ke4 Bc1) 52. g4 $2 (52. Rxg5 hxg5 53. h6) 52... Rxa3 $2 (52... Rf3+ 53. Kg6 Re3 54. Rd7+ Ke8) 53. Bd5 Be7 54. Rg6 Bxb4 55. Rxb6 (55. Rxh6 $142 Rd3 56. Be4) 55... Ra5 $2 (55... Bd2 56. Rb8+ Kc7 57. Rxb5 Ra7) 56. Rxh6 Be7 57. Rh8+ Kc7 58. Rh7 Kd8 59. Be6 b4 60. Rh8+ Kc7 61. Rc8+ Kb6 62. Kf4 Kb7 63. Re8 Bc5 64. h6 Bd4 65. Bf5 {Accuracy: White = 46%, Black = 27%.} (65. Bc8+ $142 Kc6 66. h7 b3 67. h8=Q Kb5 68. Ke4 Ba7 69. Bd7+ Kb4 70. e6) 1-0

[Event "8th Holuj-Radzikowska Rapid 2018"]
[Site "Wroclaw"]
[Date "2018.12.11"]
[Round "7"]
[White "Szczepkowska, Karina"]
[Black "Javakhishvili, Lela"]
[Result "1/2-1/2"]
[WhiteElo "2408"]
[BlackElo "2464"]
[Annotator "TA"]
[PlyCount "56"]
[EventDate "2018.11.26"]
[EventType "schev"]
[EventCountry "POL"]
[SourceTitle "playchess.com"]
[Source "ChessBase"]
[SourceQuality "1"]
[WhiteTeam "Poland"]
[BlackTeam "World"]
[WhiteTeamCountry "POL"]

{[%evp 19,56,0,0,-103,-28,-37,-39,-31,0,0,0,0,22,0,32,32,46,23,33,27,25,17,23,0,-15,-11,0,0,0,0,0,0,0,-8,0,-5,0,0,0]} 1. d4 Nf6 2. c4 c5 3. d5 b5 4. cxb5 a6 5. e3 axb5 6. Bxb5 Qa5+ 7. Nc3 Bb7 8. Bd2 Qb6 9. Bc4 e6 10. e4 Nxe4 $1 {LiveBook: 22 Games} 11. dxe6 {A57: Benko/Volga Gambit} ({But not} 11. Nxe4 exd5 12. Qe2 (12. Bb3 dxe4 13. Ne2 d5 $17) 12... dxe4 $17) (11. Nf3 $11 {keeps the balance.}) 11... dxe6 (11... fxe6 $17 12. Nxe4 Bxe4) 12. Nxe4 $11 (12. Bb5+ Bc6 13. Bxc6+ Qxc6 14. Nf3 Nxd2 15. Qxd2 Be7 16. O-O O-O 17. Rad1 Bf6 18. Rfe1 Qb6 {½-½ (49) Aronian,L (2786)-Bareev,E (2634) Moscow 2009}) 12... Bxe4 13. Nf3 {Black is slightly better.} Be7 (13... Qxb2 $15 14. O-O Be7) 14. Bc3 O-O 15. O-O Nc6 16. Qe2 Bxf3 17. Qxf3 Nd4 {[#]} 18. Qe4 $146 ({Predecessor:} 18. Qd1 Rfd8 {1-0 (43) Vitiugov,N (2573)-Nepomniachtchi,I (2506) Cheboksary 2006}) 18... Ra4 19. b3 Ra3 20. Bb2 Ra7 21. Bxd4 $40 {[%mdl 128] White is up to no good.} cxd4 {The position is equal.} 22. a4 Bb4 23. Rad1 Bc3 24. Rd3 Qb7 25. Qg4 Qe7 26. Qe4 Qb7 27. Qg4 Qe7 28. Qe4 Qb7 {Accuracy: White = 69%, Black = 42%.} 1/2-1/2